| 000 | 00634nam a2200241Ia 4500 | ||
|---|---|---|---|
| 003 | OSt | ||
| 005 | 20221005031824.0 | ||
| 006 | a|||||r|||| 00| 0 | ||
| 007 | ta | ||
| 008 | 221004b |||||||| |||| 00| 0 tam d | ||
| 024 | _a63738 | ||
| 037 | _cTextual | ||
| 040 |
_aCRL _cCRL _btam |
||
| 041 |
_2tam _atam |
||
| 082 | _aU8.2.2H.N63, 31K3 | ||
| 100 |
_aS.Arun Au. _9584376 |
||
| 245 | 0 | _aImayathil Noorumayil | |
| 260 |
_aChennai _bPazhaniappa Brothers India _c1963 |
||
| 300 |
_a87p. _ccm. |
||
| 650 | _aGEOGRAPHY | ||
| 942 |
_hU8.2.2H.N63, 31K3 _cTEXL _2cc |
||
| 999 |
_c938555 _d938555 |
||